000 00882nam a2200229Ii 4500
003 JO-AjNU
008 230605s9999||||xx |||||||||||||| ||und||
017 _a2019/9/4763
020 _a978-9957-692-66-7
040 _aJO-AjNU
_bara
_erda
_cJO-AjNU
041 _aara
050 1 4 _aBP44.2019
100 3 _aاعداد الصلوي، نصر عبده علي محمد,
_eauthor
_963171
245 0 0 _aمعالم التجديد في التربية الاسلامية عند ماجد عرسان الكيلاني: دراسة تحليلية
250 _aط1
264 3 1 _aعمان: دار عمار للنشر والتوزيع، 2019
300 _a169ص
336 _atext
_btxt
_2rdacontent
337 _aunmediated
_bn
_2rdamedia
338 _avolume
_bnc
_2rdacarrier
650 4 _aالتعليم الديني-التعاليم الدينية-التربية الاسلامية
_963172
999 _aA28640
_c32208
_d32208